Complex variables and applications (Record no. 3507)

000 -LEADER
fixed length control field 00586nam a22002297a 4500
001 - CONTROL NUMBER
control field 3507
003 - CONTROL NUMBER IDENTIFIER
control field BD-DhUET
008 - FIXED-LENGTH DATA ELEMENTS--GENERAL INFORMATION
fixed length control field 141101b xxu||||| |||| 00| 0 eng d
020 ## - INTERNATIONAL STANDARD BOOK NUMBER
International Standard Book Number 0070108552
040 ## - CATALOGING SOURCE
Transcribing agency 0
Modifying agency BD-DhUET
082 ## - DEWEY DECIMAL CLASSIFICATION NUMBER
Classification number 517.8
Item number CHU/1974
100 ## - MAIN ENTRY--PERSONAL NAME
Personal name Churchill, Ruel V.
245 ## - TITLE STATEMENT
Title Complex variables and applications
250 ## - EDITION STATEMENT
Edition statement 3rd ed.
260 ## - PUBLICATION, DISTRIBUTION, ETC. (IMPRINT)
Place of publication, distribution, etc. New York
Name of publisher, distributor, etc. McGraw-Hill
Date of publication, distribution, etc. 1974
300 ## - PHYSICAL DESCRIPTION
Extent x, 332 p.
Other physical details ill.
Dimensions 23 cm.
504 ## - BIBLIOGRAPHY, ETC. NOTE
Bibliography, etc Includes bibliographies
650 #0 - SUBJECT ADDED ENTRY--TOPICAL TERM
Topical term or geographic name as entry element Complex variables
700 ## - ADDED ENTRY--PERSONAL NAME
Personal name Brown, James W.
700 ## - ADDED ENTRY--PERSONAL NAME
Personal name Verhey, Roger F.
942 ## - ADDED ENTRY ELEMENTS (KOHA)
Koha item type General Book
Holdings
Shelving location Koha date last borrowed Koha item type Sublocation or collection (holding branch) Copy number Damaged status Price effective from Koha normalized classification for sorting Withdrawn status Not for loan Koha full call number Koha date last seen Location (home branch) Lost status Source of classification or shelving scheme Piece designation (barcode) Date acquired Koha renewals
Circulation section General BookCentral Library, BUET1 2014-11-01517_800000000000000_CHU_1974  517.8/CHU/19742014-11-01Central Library, BUET  394112014-11-01 
Circulation section General BookCentral Library, BUET2 2014-11-01517_800000000000000_CHU_1974  517.8/CHU/19742014-11-01Central Library, BUET  433012014-11-01 
Circulation section General BookCentral Library, BUET3 2014-11-01517_800000000000000_CHU_1974  517.8/CHU/19742014-11-01Central Library, BUET  451092014-11-01 
Circulation section General BookCentral Library, BUET4 2014-11-01517_800000000000000_CHU_1974  517.8/CHU/19742016-05-18Central Library, BUET  528892014-11-01 
Circulation section General BookCentral Library, BUET5 2014-11-17517_800000000000000_CHU_1974  517.8/CHU/19742016-04-02Central Library, BUET  376552014-11-17 
Circulation section General BookCentral Library, BUET6 2014-11-17517_800000000000000_CHU_1974  517.8/CHU/19742016-08-30Central Library, BUET  580322014-11-172
Circulation section0000-00-00General BookCentral Library, BUET7 2015-05-03517_800000000000000_CHU_1974  517.8/CHU/19742015-05-03Central Library, BUET  528872015-05-03 
Circulation section General BookCentral Library, BUET8 2015-05-03517_800000000000000_CHU_1974  517.8/CHU/19742015-05-03Central Library, BUET  376542015-05-03 
Circulation section General BookCentral Library, BUET9 2015-05-04517_800000000000000_CHU_1974  517.8/CHU/19742015-05-04Central Library, BUET  394122015-05-04 
Circulation section General BookCentral Library, BUET10 2015-05-20517_800000000000000_CHU_1974  517.8/CHU/19742015-05-20Central Library, BUET  580332015-05-20 
Reading section Reading ItemCentral Library, BUET11 2015-06-13517_800000000000000_CHU_1974  517.8/CHU/19742015-06-13Central Library, BUET  245352015-06-13 
Circulation section General BookCentral Library, BUET12 2015-07-13517_800000000000000_CHU_1974  517.8/CHU/19742015-07-13Central Library, BUET  433042015-07-13